Wimbledon Men's Championships 2000 Draw - Statistics

General Stats
  • This quiz has been taken 18 times
  • The average score is 35 of 128
Answer Stats
Nationality Player Name % Correct
Brazil Andre Sa
100%
USA Andre Agassi
93%
USA Pete Sampras
93%
Switzerland Roger Federer
87%
Australia Lleyton Hewitt
80%
Croatia Goran Ivanisevic
73%
Great Britain Tim Henman
73%
Great Britain Greg Rusedski
60%
Germany Tommy Haas
60%
Zimbabwe Byron Black
53%
Belgium Christophe Rochus
53%
Germany Nicolas Kiefer
53%
Belgium Olivier Rochus
53%
Australia Patrick Rafter
53%
Zimbabwe Wayne Black
53%
Russia Yevgeny Kafelnikov
53%
France Cedric Pioline
47%
Argentina Guillermo Canas
47%
Russia Marat Safin
47%
Switzerland Marc Rosset
47%
USA Michael Chang
47%
Netherlands Richard Krajicek
47%
France Sebastien Grosjean
47%
Romania Andrei Pavel
40%
France Arnaud Clement
40%
Norway Christian Ruud
40%
France Fabrice Santoro
40%
Brazil Gustavo Kuerten
40%
Morocco Hicham Arazi
40%
France Jerome Golmard
40%
Morocco Karim Alami
40%
Australia Mark Philippoussis
40%
South Africa Wayne Ferreira
40%
Spain Alberto Martin
33%
Ukraine Andrei Medvedev
33%
Spain Carlos Moya
33%
Italy Igor Gaudi
33%
USA Jan-Michael Gambill
33%
Sweden Jonas Bjorkman
33%
Costa Rica Juan Antonio Martin
33%
Austria Jurgen Melzer
33%
Sweden Magnus Norman
33%
Belarus Max Mirnyi
33%
Ecuador Nicolas Lapentti
33%
Austria Stefan Koubek
33%
Sweden Thomas Johansson
33%
USA Todd Martin
33%
Morocco Younes El Aynaoui
33%
Spain Albert Portas
27%
France Arnaud Di Pasquale
27%
Brazil Fernando Meligeni
27%
Argentina Juan Ignacio Chela
27%
Slovakia Karol Kucera
27%
India Mahesh Bhupathi
27%
France Nicolas Escude
27%
Chile Nicolas Massu
27%
Thailand Paradorn Srichaphan
27%
USA Paul Goldstein
27%
Germany Rainer Schuettler
27%
Netherlands Sjeng Schalken
27%
USA Taylor Dent
27%
Sweden Thomas Enqvist
27%
Belarus Vladimir Voltchkov
27%
Spain Alberto Berasategui
20%
Great Britain Arvind Parmar
20%
Great Britain Barry Cowan
20%
Canada Daniel Nestor
20%
Italy Davide Sanguinetti
20%
Slovakia Dominik Hrbaty
20%
Argentina Gaston Gaudio
20%
Italy Gianluca Pozzi
20%
Israel Harel Levy
20%
Argentina Hernan Gumy
20%
Netherlands Jan Siemerink
20%
Australia Jason Stoltenberg
20%
Czech Republic Jiri Vanek
20%
Sweden Magnus Gustafsson
20%
Argentina Mariano Zabaleta
20%
Australia Mark Woodforde
20%
Australia Richard Fromberg
20%
Armenia Sargis Sargsian
20%
Czech Republic Thomas Zib
20%
Australia Tood Woodbridge
20%
USA Vincent Spadea
20%
Romania Adrian Voinea
13%
USA Alex O'Brien
13%
Italy Andrea Gaudenzi
13%
Sweden Andreas Vinciguerra
13%
Australia Andrew Ilie
13%
USA Chris Woodruff
13%
France Cyril Saulnier
13%
Serbia Dejan Petrovic
13%
Spain Felix Mantilla
13%
Spain Fernando Vicente
13%
Switzerland George Bastl
13%
Croatia Ivan Ljubicic
13%
Great Britain Jamie Delgado
13%
USA Jeff Tarango
13%
Czech Republic Martin Damm
13%
Great Britain Martin Lee
13%
France Michael Llodra
13%
USA Michael Russell
13%
South Africa Neville Godwin
13%
Australia Wayne Arthurs
13%
Germany Alexander Popp
7%
Czech Republic Bohdan Ulihrach
7%
Germany Christian Vinck
7%
Germany David Prinosil
7%
Spain Francisco Clavet
7%
Sweden Fredrik Jonsson
7%
Spain Galo Blanco
7%
Czech Republic Jiri Novak
7%
France Julien Boutter
7%
South Africa Justin Bower
7%
USA Justin Gimelstob
7%
Italy Laurence Tieleman
7%
Germany Markus Hantschk
7%
Austria Markus Hipfl
7%
Germany Michael Kohlmann
7%
Sweden Mikael Tillstrom
7%
Great Britain Miles Maclagan
7%
USA Ronal Agenor
7%
Canada Sebastien Lareau
7%
France Stephane Huet
7%
Austria Werner Eschauer
7%
Argentina Franco Squilari
0%
Australia Paul Kilderry
0%
Czech Republic Slava Dosedel
0%
No matching quizzes found
Score Distribution
Percent of People with Each Score
Percentile by Number Answered
Your Score History
You have not taken this quiz